| 000 | 00806nam a22002657a 4500 | ||
|---|---|---|---|
| 001 | 0074 | ||
| 003 | DO-SdBNP | ||
| 005 | 20230505114021.0 | ||
| 007 | 0074 | ||
| 008 | 151116b mx 1998 || 00| 0 spa d | ||
| 020 | _a9789700508948 | ||
| 040 |
_aBPMSU _bspa _cBPMSU |
||
| 082 | 4 |
_a823.91 _bM367c 1997 _222 |
|
| 092 |
_axxxxxxxx _bxxxxxxxx |
||
| 100 | 1 | _aMarshall Smith, Michael | |
| 245 | 1 | 0 |
_aClones : _bcrónicas de un futuro imperfecto / _cMichael Marshall Smith ; traducción María Smith. |
| 260 |
_aMexico : _bEditora Grijalbo, _c1998. |
||
| 300 |
_3416 p. ; _c17 cm. |
||
| 590 | _6Inventariado, 2023/VM | ||
| 650 | 4 | _aNovela inglesa | |
| 650 | 4 | _aNovela de ciencia ficción | |
| 650 | 4 |
_aIngeniería genética _vNovela |
|
| 910 | _aBTavárez/ VMateo V. Control de calidad (BPMSU) | ||
| 942 |
_2ddc _cBK |
||
| 999 |
_c8731 _d8731 |
||